US Cities starting with 'Ph' Quiz Stats

 Plays Quiz not verified by Sporcle

Support Sporcle.
Go Orange.
Score 0/14 Timer 04:00
0 Plays Today
Population City % Correct
4,587Phoenix
97.5%
2,281Phoenix (village)
97.5%
1,615,017Phoenix
97.5%
1,567,872Philadelphia
96.7%
7,361Philadelphia
96.7%
77,320Pharr
45.7%
37,132Phenix City
44.2%
Population City % Correct
14,455Phillipsburg (town)
35.5%
2,543Phillipsburg
35.5%
2,719Philipsburg (borough)
24.3%
16,885Phoenixville (borough)
24.3%
4,676Philomath
17%
2,241Phippsburg (town)
15.2%
3,533Philippi
14.9%

You're not logged in!

Compare scores with friends on all Sporcle quizzes.
OR
Log In

From the Vault

Clickable Pulp Fiction: Ezekiel 25:17

by mselby

Just one question: What does Marcellus Wallace look like?
Remove Ads.
Support Sporcle.
Get the best of Sporcle when you Go Orange. This ad-free experience offers more features, more stats, and more fun while also helping to support Sporcle. Thank you for becoming a member.

Show Comments

Extras

Top Quizzes Today


Score Distribution

Your Account Isn't Verified!

In order to create a playlist on Sporcle, you need to verify the email address you used during registration. Go to your Sporcle Settings to finish the process.

Report this User

Report this user for behavior that violates our Community Guidelines.

Details: